000 00274nam a2200121 i 4500
001 bg
245 0 _aPodręcznik użytkowania systemu STRAINS-80.
260 _aSzczecin,
_c1986.
040 _cBPK
041 _apol
942 _cKS
008 s pl f |000 0 pol
999 _c3184
_d3184
856 _uhttp://koha.tu.koszalin.pl/cgi-bin/koha/opac-detail.pl?biblionumber=3184
_yKatalog online BPK